000 00504nam a2200169Ia 4500
999 _c24235
_d24235
003 OSt
005 20201230161618.0
008 190216s9999||||xx |||||||||||||| ||und||
040 _coclc
082 _a894.8121
_bAYI/V
100 _aAiyer, Ulloor S Parameswara
_93277
245 0 _aVidoorabiksha /
_cUlloor S Parameswara Aiyer
260 _bUlloor Publishers,
_c1956.
_aTrivandrum:
300 _a54p
650 _aKavithakal
942 _cBK
_2ddc
_h894.8121
_iAYI/V
_k894.8121
_mAYI/V